| 000 | 00649 a2200193 4500 | ||
|---|---|---|---|
| 020 | _a0071137009 | ||
| 020 | _a9780071137003 | ||
| 090 |
_c3332 _d3332 |
||
| 100 | 1 | _aTrainor, Timothy. | |
| 245 | 1 | 0 |
_aComputers! : _boverrun to 4r.e / _cTimothy Trainor. |
| 260 |
_a[S.l.] : _bMcGraw-Hill Education (ISE Editions), _c1994. |
||
| 300 | _a576 p. | ||
| 500 | _aImport. | ||
| 500 | _aPaperback. | ||
| 700 | 1 | _aKrasnewich, Diane. | |
| 856 | 4 | 0 |
_3Amazon.com _uhttp://www.amazon.com/exec/obidos/ASIN/0071137009/chopaconline-20 |
| 856 | 4 | 0 |
_3Amazon customer reviews _uhttp://www.chopac.org/cgi-bin/tools/azrev.pl?q=0071137009 |
| 942 |
_aNBS _cBK _k004.1 TRA |
||
| 999 |
_c345816 _d345816 |
||